header

Life traces of the Georgia coast (Record no. 46452)

MARC details
000 -LEADER
fixed length control field 01844nam a2200361 a 4500
082 04 - DEWEY DECIMAL CLASSIFICATION NUMBER
Classification number 560/.430975809146
100 1# - MAIN ENTRY--AUTHOR NAME
Personal name Martin, Anthony J.,
245 10 - TITLE STATEMENT
Title Life traces of the Georgia coast
260 ## - PUBLICATION, DISTRIBUTION, ETC. (IMPRINT)
Place of publication Bloomington :
Name of publisher Indiana University Press,
Year of publication 2013.
300 ## - PHYSICAL DESCRIPTION
Number of Pages xv, 670 p. :
Other physical details ill.
505 0# - FORMATTED CONTENTS NOTE
Formatted contents note Introduction to ichnology of the Georgia coast -- History of the Georgia coast and its ichnology -- Tracemaker habitats and substrates -- Marginal-marine and terrestrial plants -- Terrestrial invertebrates -- Marginal-marine invertebrates -- Terrestrial vertebrates, Part I. Fish, amphibians, reptiles -- Terrestrial vertebrates, Part II. Birds and mammals -- Marginal-marine and marine vertebrates -- Trace fossils and the Georgia coast -- Future studies, future traces.
650 #0 - SUBJECT ADDED ENTRY--TOPICAL TERM
Topical Term Ichnology
Topical Term Fossils
Topical Term Paleontology
856 40 - ELECTRONIC LOCATION AND ACCESS
Uniform Resource Identifier http://site.ebrary.com/lib/rucke/Doc?id=10636964

No items available.

© 2026 Rongo University
Contact us: librarian | system librarian | Rongo university